| 000 | 01031nab a22002777a 4500 | ||
|---|---|---|---|
| 001 | 194 | ||
| 005 | 20251119110519.0 | ||
| 006 | a|||||r|||| 00| 0 | ||
| 007 | c| aa aaaaa | ||
| 008 | 250204b2022 ag ||||| |||| 00| 0 spa d | ||
| 040 |
_aAR-EsCIE _cAR-EsCIE |
||
| 100 | 1 |
_aArguiano, Carolina, _d1993- _9254 |
|
| 245 | 1 | 0 | _aEvaluación de las comunidades ectomicorrícicas asociadas a plantines de Nothofagus spp. a lo largo del gradiente de precipitación este-oeste en Patagonia |
| 300 | _ap. 4 | ||
| 650 | 4 |
_aMICORRIZAS _9110 |
|
| 650 | 4 |
_aNOTHOFAGUS _9280 |
|
| 650 | 4 |
_aPLANTULAS _9320 |
|
| 650 | 4 |
_aPRECIPITACIÓN ATMOSFÉRICA _9397 |
|
| 650 | 4 |
_aREGION ANDINO PATAGONICA (ARGENTINA) _966 |
|
| 700 | 1 |
_aSalgado Salomón, María Eugenia, _d1981- _9255 |
|
| 700 | 1 |
_aBarroetaveña, Carolina, _d1971- _921 |
|
| 773 |
_tLibro de resúmenes de la 3º reunión Argentina de micología _gp. 4 |
||
| 856 | _uhttps://www.hongos.ar/blog/materiales-1/iii-reunion-argentina-de-micologia-30 | ||
| 910 | _aPG20250204 | ||
| 942 |
_2ddc _cCF _n0 |
||
| 999 |
_c194 _d194 |
||